000 00464nam a2200145 4500
999 _c10193
_d10193
008 180804b ||||| |||| 00| 0 eng d
022 _a2094-8042
082 _aDPer 370.105 M72 June 2010-Mar 2011 v. 59 n. 1-10
100 _930076
_aDee, Priscila C.
245 _aMga tugmang pambata/
_cPriscila C. Dee.
260 _aPhilippines;
_bIn The Grade School, Inc.,
_cc2010-2011.
300 _av59 n10, page 437;
_c27cm.
650 0 _930077
_aPoetry.
942 _2ddc
_cPER